Statistics for Groups of 3

Click here to take the quiz!

General Stats

  • This quiz has been taken 417 times
  • The average score is 11 of 24

Answer Stats

Answer % Correct
Swimming
93%
Running
93%
Liquid
87%
Gas
87%
Solid
86%
Cycling
84%
Mark
60%
Luke
60%
Matthew
58%
Zeus
54%
Jupiter
54%
Hades
47%
Poseidon
46%
Barry Gibb
37%
Squirtle
25%
Maurice Gibb
24%
Charmander
23%
Robin Gibb
22%
Vishnu
21%
Bulbasaur
21%
Shiva
18%
Juno
14%
Brahma
12%
Minerva
10%

Score Distribution

Percentile by Number Answered

Percent of People with Each Score

Your Score History

You have not taken this quiz